LEADER 02425nam a2200397 u 4500 001 000000029195 003 CaOOAMICUS 005 20070226111905.0 008 970212m19821983gw u000 u ger u 020 $a3110084694 020 $a3110086999 020 $a3110095262 035 $a10751667 040 $aIRN$bita$dIRF$dBSR$dPUL 041 0 $ager$aeng$afre$aita 245 00$aAufstieg und Niedergang der römischen Welt :$bGeschichte und Kultur Roms im Spiegel der neueren Forschung.$nII,$pPrincipat.$nDreissigster Band.$n1. Teilband-3. Teilband,$pSprache und Literatur (Literatur der Augusteischen Zeit : Allgemeines ; einzelne Autoren) /$chrsg. von Wolfgang Haase. 246 30$aPrincipat 246 30$aSprache und Literatur (Literatur der Augusteischen Zeit : Allgemeines ; einzelne Autoren) 260 $aBerlin :$bDe Gruyter,$c1982-1983. 300 $a3 v. ;$c25 cm 504 $aIncludes bibliographical references. 650 0$aLatin literature.$2//eng$0(OLS)http://pul/subject/13040 651 0$aRome$xCivilization.$2//eng$0(OLS)http://pul/subject/3126 700 1 $aHaase, Wolfgang,$d1940-$0(OLS)http://pul/name/15596 850 $aPUL 852 $aPUL$W1$xSL Filosofia 1$y2$m118(1) A 2.II.30/1$j118510$nBK-PRI$av. 1 $qStampati$B40449$CPULBib$Z2$F40449 $H87839 $81 852 $aPUL$W1$xSL Filosofia 1$y2$m118(1) A 2.II.30/2$j118511$nBK-PRI$av. 2$qStampati$B118406$CPULBib$Z2$F118406 $H87833 $81 852 $aPUL$W1$xSL Filosofia 1$y2$m118(1) A 2.II.30/3$j118512$nBK-PRI$av. 3$qStampati$B118407$CPULBib$Z2$F118407 $H87834 $81 941 1 $a8 996 $6020$a3110084694$9(OLS)http://pul/number/36455 996 $6020$a3110086999$9(OLS)http://pul/number/36456 996 $6020$a3110095262$9(OLS)http://pul/number/36457 996 $6245$aAufstieg und Niedergang der römischen Welt :$bGeschichte und Kultur Roms im Spiegel der neueren Forschung.$nII,$pPrincipat.$nDreissigster Band.$n1. Teilband-3. Teilband,$pSprache und Literatur (Literatur der Augusteischen Zeit : Allgemeines ; einzelne Autoren)$9(OLS)http://pul/title/39943 996 $6246$aPrincipat$9(OLS)http://pul/title/24775 996 $6246$aSprache und Literatur (Literatur der Augusteischen Zeit : Allgemeines ; einzelne Autoren)$9(OLS)http://pul/title/39944 996 $6260$aBerlin :$bDe Gruyter$9(OLS)http://pul/publisher/48625 LEADER 01263nam a2200289 u 4500 001 000000114491 003 CaOOAMICUS 005 20090205184118.0 008 090205s2008 it ad u000 u ita r 020 $z978-88-8353-676-2* 040 $aPUL$bita$dLDB 245 00$aDestini del sacro :$bdiscorso religioso e semiotica della cultura /$ca cura di Nicola Dusi e Gianfranco Marrone. 260 $aRoma :$bMeltemi,$cc2008. 300 $a347 :$bill., graf. ;$c24 cm. 490 1 $aMeltemi.edu ;$v115 504 $aInclude riferimenti bibliografici. 650 4$aSemiotica.$0(OLS)http://pul/subject/9849 650 14$aSacro.$0(OLS)http://pul/subject/22928 700 1 $aMarrone, Gianfranco.$0(OLS)http://pul/name/70690 700 1 $aDusi, Nicola.$0(OLS)http://pul/name/70689 830 0$aMeltemi.edu ;$v115.$0(OLS)http://pul/title/143877 850 $aPUL 852 $aPUL$W1$xSL Religione 3$y85$m200. 1 DUSNI 1$j130823$qDDC 21$B129900$CPULBib$Z2$F129900 $H109090 $82 941 1 $a9 996 $6020$z978-88-8353-676-2*$9(OLS)http://pul/number/139623 996 $6245$aDestini del sacro :$bdiscorso religioso e semiotica della cultura$9(OLS)http://pul/title/143876 996 $6260$aRoma :$bMeltemi$9(OLS)http://pul/publisher/74645 LEADER 01360nam a2200313 a 4500 001 000000170097 003 CaOOAMICUS 005 20181024090208.0 008 181024s2018 vc u000 u ita r 020 $a978-88-465-1232-1* 032 $aLibriCat 040 $aPUL$bita 100 1 $aFerraro, Christian.$0(OLS)http://pul/name/54444 245 10$aAppunti di Metafisica :$bun percorso speculativo, pedagogico e tomistico /$cChristian Ferraro. 250 $a2. ed. rivista e ampliata. 260 $aCittà del Vaticano :$bLateran University Press,$c©2018. 300 $a467 p. ;$c24 cm. 490 1 $aDialogo di filosofia ;$v30 504 $aBibliografia in nota. 650 4$aMetafisica.$0(OLS)http://pul/subject/433 650 4$aTomismo.$0(OLS)http://pul/subject/597 830 0$aDialogo di filosofia ;$v30.$0(OLS)http://pul/title/64611 850 $aPUL 852 $aPUL$W1$xSL Filosofia 2$y80$mPhil A18a 30$j193035$qStampati Altre Collocazioni$B198339$CPULBib$Z2$F198339 $H131473 $81 941 1 $a10 996 $6020$a978-88-465-1232-1*$9(OLS)http://pul/number/165031 996 $6245$aAppunti di Metafisica :$bun percorso speculativo, pedagogico e tomistico$9(OLS)http://pul/title/172079 996 $6260$aCittà del Vaticano :$bLateran University Press$9(OLS)http://pul/publisher/74585